000 nam a22 7a 4500
999 _c9334
_d9334
008 180127b ||||| |||| 00| 0 eng d
100 _aRastogi,P
_95586
245 _aInteractive in English
260 _aNew Delhi
_bKogan
_c2006